000 00515nam a2200181Ia 4500
999 _c11328
_d11328
003 OSt
005 20191212113440.0
008 190216s9999||||xx |||||||||||||| ||und||
020 _a9788173815188
040 _coclc
082 _a338.5
_bMUK/A
100 _aMukherjee, Sampat
_9456
245 0 _aAnalytical Microeconomics /
_cSampat Mukherjee
260 _bNew Central Book Agencies
_c2009
_aDelhi
300 _a978p
650 _aEcnomics
942 _cBK
_2ddc
_h338.5
_iMUK/A
_k338.5
_mMUK/A